Science / (Record no. 11732)
[ view plain ]
| 000 -LEADER | |
|---|---|
| fixed length control field | 00857nam a2200241 a 4500 |
| 001 - CONTROL NUMBER | |
| JCCL Control Number | 11732 |
| 003 - CONTROL NUMBER IDENTIFIER | |
| JCCL marc code | BD-JhCC |
| 005 - DATE AND TIME OF LATEST TRANSACTION | |
| control field | 20200810104137.0 |
| 008 - FIXED-LENGTH DATA ELEMENTS--GENERAL INFORMATION | |
| fixed length control field | 200810t20162019nyua j 001 0 eng d |
| 020 ## - INTERNATIONAL STANDARD BOOK NUMBER | |
| International Standard Book Number | 9781465463098 |
| 035 ## - SYSTEM CONTROL NUMBER | |
| system control number | (BD-JhCC)11732 |
| 041 ## - LANGUAGE CODE | |
| Language code of Book | eng |
| 082 ## - DEWEY DECIMAL CLASSIFICATION NUMBER | |
| Classification number | 550 |
| Author mark and Year | SHA 2019 |
| 100 1# - MAIN ENTRY--PERSONAL NAME | |
| Personal name | Sharif-Draper, Maryam, |
| 245 00 - TITLE STATEMENT | |
| Title | Science / |
| Statement of responsibility, etc | Maryam Sharif-Draper. |
| 260 ## - PUBLICATION, DISTRIBUTION, ETC. (IMPRINT) | |
| Place of publication, distribution, etc | London : |
| Name of publisher, distributor, etc | DK Children, |
| Date of publication, distribution, etc | 2019 |
| 300 ## - PHYSICAL DESCRIPTION | |
| Pagination | 64 pages : |
| Other physical details | color illustrations ; |
| Dimensions | 24 cm. |
| 490 1# - SERIES STATEMENT | |
| Series statement | DK find out! |
| 500 ## - GENERAL NOTE | |
| General note | Includes index. |
| 520 ## - SUMMARY, ETC. | |
| Summary, etc | Have you ever wanted to know which is the tallest mountain on Earth? Or which continent is the largest? DKfindout! Earth is packed with surprising facts and amazing pictures. It is a fascinating book filled with big ideas. |
| 650 #0 - SUBJECT ADDED ENTRY--TOPICAL TERM | |
| Topical term or geographic name as entry element | Earth sciences |
| Form subdivision | Juvenile literature. |
| 942 ## - ADDED ENTRY ELEMENTS (KOHA) | |
| Source of classification or shelving scheme | Dewey Decimal Classification |
| Koha item type | Books |
| Source of classification or shelving scheme | Damaged status | Not for loan | Home library | Current library | Shelving location | Date of accession | Cost, normal purchase price | Total Checkouts | Full call number | Barcode | Date last seen | Date checked out | Copy number | Koha item type |
|---|---|---|---|---|---|---|---|---|---|---|---|---|---|---|
| Dewey Decimal Classification | JCC Rouf Library | JCC Rouf Library | General Stacks | 08/10/2020 | 275.00 | 2 | 550 SHA 2019 | 16001 | 07/03/2022 | 06/09/2022 | C-1 | Books |